| 000 | 00502nam a2200181Ia 4500 | ||
|---|---|---|---|
| 003 | IN-BaIIA | ||
| 008 | 211028s9999 xx 000 0 eng d | ||
| 040 | _cIIA Library | ||
| 080 |
_a535.33 _bVEN |
||
| 100 |
_aVenable, William Mayo _91809 |
||
| 245 | 4 |
_aThe interpretation of spectra _cWilliam Mayo Venable |
|
| 260 |
_aNew York _bReinhold Publishing _c1948 |
||
| 300 | _av, 200p. | ||
| 650 |
_aAtomic Spectra _91533 |
||
| 650 |
_aSpectral Analysis _91733 |
||
| 650 |
_aSpectroscopy _91535 |
||
| 942 | _cBK | ||
| 999 |
_c845 _d845 |
||